Ricordi e documenti relativi all'opuscolo del cav. Agostino Manfrin Provedi intitolato Cenni storici sulla traduzione in versi esametri latini della Divina commedia di Dante Allighieri eseguita dall'abate Gaetano dalla Piazza. (Record no. 158613)

MARC details
000 -LEADER
campo de control de longitud fija 00875nam a22001815i 4500
001 - NÚMERO DE CONTROL
campo de control 158613
003 - IDENTIFICADOR DE NÚMERO DE CONTROL
campo de control ES-MaACL
005 - FECHA Y HORA DE LA ÚLTIMA TRANSACCIÓN
campo de control 20240125194423.0
008 - DATOS DE LONGITUD FIJA--INFORMACIÓN GENERAL
campo de control de longitud fija 040901s1883 it |||| | ita d
100 1# - ENTRADA PRINCIPAL--NOMBRE DE PERSONA
Nombre de persona Provedi, Agostino Manfrin.
9 (RLIN) 129413
245 10 - MENCIÓN DEL TÍTULO
Título Ricordi e documenti relativi all'opuscolo del cav. Agostino Manfrin Provedi intitolato Cenni storici sulla traduzione in versi esametri latini della Divina commedia di Dante Allighieri eseguita dall'abate Gaetano dalla Piazza.
260 ## - PUBLICACIÓN, DISTRIBUCIÓN, ETC.
Lugar de publicación, distribución, etc. Venezia :
Nombre del editor, distribuidor, etc. [s.n.],
Fecha de publicación, distribución, etc. 1883 (
Fabricante Tip. del Commercio di M. Visentini)
300 ## - DESCRIPCIÓN FÍSICA
Extensión 64 p. ;
Dimensiones 23 cm.
600 04 - PUNTO DE ACCESO ADICIONAL DE MATERIA--NOMBRE DE PERSONA
Nombre de persona Dante Alighieri,
Fechas asociadas al nombre 1265-1321.
Título de la obra La divina commedia
9 (RLIN) 175737
700 1# - ENTRADA AGREGADA--NOMBRE PERSONAL
Nombre de persona Piazza, Gaetano dalla.
9 (RLIN) 166949
852 ## - LOCALIZACIÓN
Ubicación ES-MaACL
Número de control de estantería T-377-F-6
Nota libre - Enc. hol.
-- - Dedicatoria autógrafa del autor
-- - Enc. en un vol. facticio
Holdings
Estatus retirado Estado de pérdida Estado de daño No para préstamo Colección Biblioteca de origen Biblioteca actual Ubicación en estantería Fecha de adquisición Total de préstamos Signatura topográfica completa Código de barras Visto por última vez Precio de reemplazo Tipo de ítem Koha
        Colección de folletos Biblioteca del Ateneo de Madrid Biblioteca del Ateneo de Madrid Depósito folletos 17/01/2008   T-377-F-6 1166019 23/02/2023 23/02/2023 Folleto